| 000 | 00722nam a22002057a 4500 | ||
|---|---|---|---|
| 005 | 20150624123421.0 | ||
| 010 | _aENG-113080 | ||
| 020 |
_a9789351434245 _c245.00 |
||
| 035 | _aEN-96612 | ||
| 037 | _bDBAD/PUB | ||
| 082 | _a158.5 | ||
| 100 | _a Anuroop Omkar | ||
| 245 |
_aThe art of negotiation and mediation : _cby Anuroop Omkar [and] Kritika Krishnamurthy _ba wishbone, funny bone and a backbone / |
||
| 260 |
_bLexisNexis _c2015 _aGurgaon |
||
| 270 |
_bGurgaon _e122002 _a14th Floor Building No.10, Tower-B, DLF Cyber City, Phase-II, |
||
| 300 |
_ax,348p. _c22cm(pbk) |
||
| 500 | _aIncludes bibliographical references | ||
| 700 | _aKrishnamurthy, Kritika | ||
| 942 |
_2ddc _cEN _mANU _h158.5 |
||
| 999 |
_c93740 _d93740 |
||